00709nam a2200241 a 4500001001300000003000900013005001700022008004100039020002300080082001400103100001600117245006300133260004000196300000900236500003500245505001000280650001400290700001600304902000800320942000700328952011500335999001700450nice12345678IN_TiNIC20260116014121.0111215s2011 newa grp 000 0 eng  a9788125043997c62500a330bMEH1 aMehta, Lyla aLimits to Scarcityb Contesting the Politics of Allocation aNew Delhi bOrient Blackswan c2011 a270p aincludes index and biblioraphy2 aIndex aEconomics1 aMehta, Lyla bSRS cBK 001040708StackRoom-aHMIbHMId2011-12-15g625.00l0o330 MEH1p023767r2011-12-15v625.00w2011-12-15yBK c13948d13948